A$AP Rocky - Top 25 najczęściej odtwarzanych piosenek - Statystyki

Ogólne statystyki
  • Ten quiz został rozwiązany 74 razy
    15 od ostatniego zresetowania
  • Średni wynik to 11 z 25
Statystyki odpowiedzi
Hint Odpowiedź % Poprawnych
TESTING Praise The Lord (Da Shine)
89%
AT.LONG.LAST.A$AP Everyday
78%
LONG.LIVE.A$AP LVL
78%
AT.LONG.LAST.A$AP L$D
67%
LIVE.LOVE.A$AP Peso
67%
LONG.LIVE.A$AP F**kin' Problems
56%
TESTING Fukk Sleep
56%
Singiel I Smoked Away My Brain
56%
LIVE.LOVE.A$AP Sandman
56%
Singiel Sundress
56%
LONG.LIVE.A$AP 1Train
44%
AT.LONG.LAST.A$AP Excuse Me
44%
AT.LONG.LAST.A$AP Jukebox Joints
44%
The Music Of Grand Theft Auto V r - Cali
44%
Singiel A$AP Forever
33%
AT.LONG.LAST.A$AP Canal St.
33%
LONG.LIVE.A$AP Fashion Killa
33%
AT.LONG.LAST.A$AP Lord Pretty Flacko Jodye 2 (LPFJ2)
33%
LONG.LIVE.A$AP PMW (All I Really Need)
33%
TESTING Purity
33%
TESTING A$AP Forever REMIX
22%
AT.LONG.LAST.A$AP Electric Body
22%
LONG.LIVE.A$AP Goldie
22%
Singiel Babushka Boi
11%
LONG.LIVE.A$AP Wild for the Night
11%
Nie znaleziono quizów pasujących do podanych kryteriów
Rozkład punktacji
Procent ludzi z każdym wynikiem
Percentyl według liczby udzielonych odpowiedzi
Twoja historia wyników
Nie rozwiązałeś tego quizu od ostatniego zresetowania